[Event "European Club Cup"]
[Site "chess24.com"]
[Date "2018.10.16"]
[Round "5"]
[White "Van der Elburg, Freddie"]
[Black "Jensen, Michael Agermose"]
[Result "1-0"]
[Board "6"]
[WhiteElo "2191"]
[WhiteCountry "NED"]
[WhiteFideId "1007904"]
[WhiteEloChange "5"]
[BlackElo "2022"]
[BlackCountry "DEN"]
[BlackFideId "1408216"]
[BlackEloChange "-5"]

1. f4 {[%clk 1:30:57]} e5 {[%clk 1:30:32]} 2. fxe5 {[%clk 1:31:22]} d6 {[%clk
1:30:58]} 3. exd6 {[%clk 1:31:46]} Bxd6 {[%clk 1:31:26]} 4. Nf3 {[%clk 1:32:10]}
Nf6 {[%clk 1:31:52]} 5. d4 {[%clk 1:31:51]} Ng4 {[%clk 1:32:11]} 6. Qd3 {[%clk
1:25:56]} c5 {[%clk 1:32:38]} 7. Nc3 {[%clk 1:17:56]} O-O {[%clk 1:24:02]} 8. Bg5
{[%clk 0:56:59]} f6 {[%clk 1:10:04]} 9. dxc5 {[%clk 0:52:17]} Bxc5 {[%clk
1:10:26]} 10. Qc4+ {[%clk 0:52:40]} Kh8 {[%clk 1:10:31]} 11. Qxc5 {[%clk
0:53:04]} fxg5 {[%clk 1:10:29]} 12. Rd1 {[%clk 0:52:51]} Qf6 {[%clk 1:09:38]} 13.
Rd6 {[%clk 0:41:19]} Qf4 {[%clk 1:04:23]} 14. g3 {[%clk 0:33:37]} Qe3 {[%clk
1:00:21]} 15. Qxe3 {[%clk 0:31:23]} Nxe3 {[%clk 1:00:43]} 16. Nxg5 {[%clk
0:30:15]} Nc6 {[%clk 0:55:13]} 17. Rd3 {[%clk 0:18:35]} Nxc2+ {[%clk 0:53:09]}
18. Kd2 {[%clk 0:17:26]} N2b4 {[%clk 0:51:19]} 19. Rd6 {[%clk 0:17:30]} Ne5
{[%clk 0:46:15]} 20. b3 {[%clk 0:17:03]} Bd7 {[%clk 0:40:45]} 21. Bg2 {[%clk
0:15:11]} Bc6 {[%clk 0:40:41]} 22. Bxc6 {[%clk 0:15:20]} Nbxc6 {[%clk 0:41:06]}
23. Nge4 {[%clk 0:09:53]} Rae8 {[%clk 0:37:31]} 24. h3 {[%clk 0:07:43]} h6 {[%clk
0:27:15]} 25. Rd1 {[%clk 0:07:11]} Re7 {[%clk 0:26:44]} 26. Kc2 {[%clk 0:05:06]}
Ref7 {[%clk 0:22:10]} 27. a3 {[%clk 0:04:38]} Rf1 {[%clk 0:20:23]} 28. R1d5
{[%clk 0:04:21]} Re8 {[%clk 0:18:43]} 29. Rb5 {[%clk 0:03:51]} Rf7 {[%clk
0:17:50]} 30. Rc5 {[%clk 0:03:28]} Kh7 {[%clk 0:14:25]} 31. b4 {[%clk 0:03:23]}
Nd7 {[%clk 0:13:38]} 32. Rh5 {[%clk 0:02:39]} Nb6 {[%clk 0:13:35]} 33. Ng5+
{[%clk 0:03:00]} Kg8 {[%clk 0:13:54]} 34. Nxf7 {[%clk 0:03:25]} Kxf7 {[%clk
0:14:23]} 35. Kb3 {[%clk 0:02:40]} Re3 {[%clk 0:09:30]} 36. Rd3 {[%clk 0:02:49]}
Re6 {[%clk 0:09:58]} 37. Rf5+ {[%clk 0:02:04]} Kg6 {[%clk 0:10:02]} 38. g4 {[%clk
0:02:20]} Nc8 {[%clk 0:08:54]} 39. Nd5 {[%clk 0:02:08]} Kh7 {[%clk 0:08:54]} 40.
Nf4 {[%clk 0:32:23]} Re4 {[%clk 0:38:35]} 41. e3 {[%clk 0:27:20]} Ne5 {[%clk
0:34:08]} 42. Rc3 {[%clk 0:26:55]} Nd6 {[%clk 0:33:00]} 43. Rf8 {[%clk 0:27:16]}
Nb5 {[%clk 0:32:18]} 44. Rcc8 {[%clk 0:26:55]} Rxe3+ {[%clk 0:32:22]} 45. Kc2
{[%clk 0:24:27]} Ng6 {[%clk 0:31:27]} 46. Nxg6 {[%clk 0:20:02]} Kxg6 {[%clk
0:31:39]} 47. a4 {[%clk 0:19:55]} Nd4+ {[%clk 0:30:52]} 48. Kd2 {[%clk 0:20:03]}
Rxh3 {[%clk 0:31:17]} 49. Rfd8 {[%clk 0:16:37]} Nf3+ {[%clk 0:27:25]} 50. Ke2
{[%clk 0:15:40]} Ne5 {[%clk 0:27:42]} 51. Rc7 {[%clk 0:14:00]} Rh2+ {[%clk
0:17:45]} 52. Kf1 {[%clk 0:13:09]} Nxg4 {[%clk 0:16:40]} 53. Rdd7 {[%clk
0:13:15]} Ne3+ {[%clk 0:13:31]} 54. Kg1 {[%clk 0:13:40]} Ra2 {[%clk 0:13:57]} 55.
Rxg7+ {[%clk 0:13:53]} Kf5 {[%clk 0:12:31]} 56. a5 {[%clk 0:13:28]} b6 {[%clk
0:05:48]} 57. Rxa7 {[%clk 0:13:48]} bxa5 {[%clk 0:06:12]} 58. Rxa5+ {[%clk
0:14:06]} 1-0

[Event "European Club Cup"]
[Site "chess24.com"]
[Date "2018.10.16"]
[Round "5"]
[White "Egan, Colm"]
[Black "Buonanno, Massimo"]
[Result "0-1"]
[Board "6"]
[WhiteElo "1729"]
[WhiteCountry "IRL"]
[WhiteFideId "2501732"]
[WhiteEloChange "-5"]
[BlackElo "1911"]
[BlackCountry "ITA"]
[BlackFideId "813958"]
[BlackEloChange "5"]

1. d4 {[%clk 1:30:56]} Nf6 {[%clk 1:30:54]} 2. Bf4 {[%clk 1:31:13]} c5 {[%clk
1:25:07]} 3. e3 {[%clk 1:31:16]} Qb6 {[%clk 1:19:29]} 4. Nc3 {[%clk 1:29:05]}
cxd4 {[%clk 1:11:48]} 5. exd4 {[%clk 1:27:02]} e6 {[%clk 1:07:26]} 6. Nb5 {[%clk
1:19:53]} Nd5 {[%clk 1:02:37]} 7. Bg3 {[%clk 1:17:28]} a6 {[%clk 1:00:43]} 8. Nc3
{[%clk 1:08:38]} Bb4 {[%clk 0:53:57]} 9. Ne2 {[%clk 1:08:40]} Qa5 {[%clk
0:45:25]} 10. Qd3 {[%clk 1:08:30]} b5 {[%clk 0:39:46]} 11. f3 {[%clk 1:00:29]}
Bb7 {[%clk 0:38:05]} 12. Kf2 {[%clk 1:00:36]} O-O {[%clk 0:34:49]} 13. Nxd5
{[%clk 0:49:26]} Bxd5 {[%clk 0:34:50]} 14. c3 {[%clk 0:48:25]} Be7 {[%clk
0:34:51]} 15. Nf4 {[%clk 0:38:45]} Bb7 {[%clk 0:35:08]} 16. h4 {[%clk 0:38:04]}
Qb6 {[%clk 0:25:06]} 17. Re1 {[%clk 0:36:37]} Nc6 {[%clk 0:18:06]} 18. Nh3 {[%clk
0:32:10]} b4 {[%clk 0:17:12]} 19. Ng5 {[%clk 0:30:38]} f5 {[%clk 0:17:41]} 20.
Bf4 {[%clk 0:27:32]} a5 {[%clk 0:17:22]} 21. g3 {[%clk 0:21:11]} Rac8 {[%clk
0:17:01]} 22. Be3 {[%clk 0:21:08]} Qc7 {[%clk 0:15:21]} 23. c4 {[%clk 0:20:13]}
e5 {[%clk 0:10:40]} 24. d5 {[%clk 0:15:00]} e4 {[%clk 0:10:57]} 25. Qb3 {[%clk
0:14:49]} Ne5 {[%clk 0:10:37]} 26. d6 {[%clk 0:09:39]} Qxd6 {[%clk 0:07:26]} 27.
Rd1 {[%clk 0:09:23]} Qc7 {[%clk 0:07:08]} 28. Bf4 {[%clk 0:05:21]} Bc5+ {[%clk
0:05:32]} 29. Kg2 {[%clk 0:04:01]} exf3+ {[%clk 0:05:37]} 30. Kh3 {[%clk
0:04:19]} Rce8 {[%clk 0:05:27]} 31. Bxe5 {[%clk 0:02:12]} Rxe5 {[%clk 0:04:31]}
32. Qd3 {[%clk 0:02:00]} f2 {[%clk 0:04:02]} 33. Rh2 {[%clk 0:02:13]} Re3 {[%clk
0:04:15]} 34. Qd2 {[%clk 0:02:23]} Qxg3# {[%clk 0:04:33]} 0-1

[Event "European Club Cup"]
[Site "chess24.com"]
[Date "2018.10.17"]
[Round "6"]
[White "Yu, Yangyi"]
[Black "Howell, David W L"]
[Result "1/2-1/2"]
[Board "2"]
[WhiteElo "2765"]
[WhiteTitle "GM"]
[WhiteCountry "CHN"]
[WhiteFideId "8603820"]
[WhiteEloChange "-1"]
[BlackElo "2689"]
[BlackTitle "GM"]
[BlackCountry "ENG"]
[BlackFideId "410608"]
[BlackEloChange "1"]

1. d4 {[%clk 1:30:55]} Nf6 {[%clk 1:29:33]} 2. c4 {[%clk 1:31:17]} e6 {[%clk
1:29:40]} 3. g3 {[%clk 1:31:00]} d5 {[%clk 1:29:02]} 4. Bg2 {[%clk 1:30:59]} Be7
{[%clk 1:29:23]} 5. Nf3 {[%clk 1:31:10]} O-O {[%clk 1:29:41]} 6. O-O {[%clk
1:31:29]} dxc4 {[%clk 1:30:00]} 7. Qc2 {[%clk 1:31:52]} a6 {[%clk 1:29:48]} 8. a4
{[%clk 1:32:14]} Bd7 {[%clk 1:29:40]} 9. Qxc4 {[%clk 1:31:53]} Bc6 {[%clk
1:30:01]} 10. Bg5 {[%clk 1:32:05]} Bd5 {[%clk 1:29:40]} 11. Qc2 {[%clk 1:32:22]}
Be4 {[%clk 1:30:04]} 12. Qc1 {[%clk 1:32:05]} h6 {[%clk 1:22:15]} 13. Bxf6 {[%clk
1:32:26]} Bxf6 {[%clk 1:22:39]} 14. Rd1 {[%clk 1:32:24]} a5 {[%clk 1:17:03]} 15.
Nbd2 {[%clk 1:32:27]} Bxf3 {[%clk 1:13:06]} 16. Bxf3 {[%clk 1:32:47]} c6 {[%clk
1:12:05]} 17. e3 {[%clk 1:30:46]} Na6 {[%clk 1:10:29]} 18. Nc4 {[%clk 1:30:17]}
Nb4 {[%clk 1:10:14]} 19. Qd2 {[%clk 1:28:31]} Qc7 {[%clk 1:02:32]} 20. h4 {[%clk
1:22:47]} Rfd8 {[%clk 0:51:01]} 21. Qe2 {[%clk 1:20:19]} g6 {[%clk 0:26:59]} 22.
Be4 {[%clk 1:14:54]} Kg7 {[%clk 0:22:07]} 23. h5 {[%clk 1:05:26]} g5 {[%clk
0:22:29]} 24. Qf3 {[%clk 0:54:36]} Rd7 {[%clk 0:19:20]} 25. Rac1 {[%clk 0:50:13]}
Na2 {[%clk 0:17:53]} 26. Rc2 {[%clk 0:49:45]} Rad8 {[%clk 0:17:23]} 27. Rcd2
{[%clk 0:46:51]} Nb4 {[%clk 0:15:44]} 28. Ne5 {[%clk 0:31:12]} Rd6 {[%clk
0:06:01]} 29. Ng4 {[%clk 0:29:31]} Qe7 {[%clk 0:06:29]} 30. Bb1 {[%clk 0:25:53]}
b6 {[%clk 0:03:28]} 31. Kg2 {[%clk 0:24:00]} R6d7 {[%clk 0:02:30]} 32. Kh2 {[%clk
0:22:12]} Rd6 {[%clk 0:02:30]} 33. Kh3 {[%clk 0:21:11]} R6d7 {[%clk 0:02:57]} 34.
Qe4 {[%clk 0:21:28]} Rh8 {[%clk 0:03:18]} 35. f4 {[%clk 0:21:53]} Rd5 {[%clk
0:01:40]} 36. Qf3 {[%clk 0:20:27]} gxf4 {[%clk 0:01:20]} 37. e4 {[%clk 0:17:10]}
Rxh5+ {[%clk 0:01:44]} 38. Kg2 {[%clk 0:17:39]} fxg3 {[%clk 0:00:35]} 39. Nxf6
{[%clk 0:16:39]} Rh2+ {[%clk 0:00:55]} 40. Kg1 {[%clk 0:40:31]} Rxd2 {[%clk
0:30:46]} 41. Nh5+ {[%clk 0:39:52]} Kf8 {[%clk 0:30:57]} 42. Rxd2 {[%clk
0:37:55]} Qg5 {[%clk 0:30:19]} 43. Re2 {[%clk 0:29:35]} Ke7 {[%clk 0:18:46]} 44.
Nxg3 {[%clk 0:29:20]} Rd8 {[%clk 0:13:43]} 45. Rf2 {[%clk 0:27:21]} Qg7 {[%clk
0:13:15]} 46. Kf1 {[%clk 0:19:59]} Rxd4 {[%clk 0:08:56]} 47. Nh5 {[%clk 0:20:23]}
Qg5 {[%clk 0:07:15]} 48. Qxf7+ {[%clk 0:20:25]} Kd6 {[%clk 0:07:14]} 49. Qf8+
{[%clk 0:15:09]} Kc7 {[%clk 0:07:33]} 50. Rf7+ {[%clk 0:14:48]} Rd7 {[%clk
0:08:01]} 51. Rxd7+ {[%clk 0:14:06]} Kxd7 {[%clk 0:08:24]} 52. Nf6+ {[%clk
0:14:15]} Kc7 {[%clk 0:08:48]} 53. Qe7+ {[%clk 0:14:22]} Kb8 {[%clk 0:08:01]} 54.
Nd7+ {[%clk 0:12:53]} Kc7 {[%clk 0:08:26]} 55. Qxg5 {[%clk 0:12:58]} hxg5 {[%clk
0:08:50]} 56. Ne5 {[%clk 0:13:24]} b5 {[%clk 0:06:43]} 57. Ke2 {[%clk 0:10:04]}
bxa4 {[%clk 0:02:08]} 58. Ke3 {[%clk 0:10:29]} Kb6 {[%clk 0:01:24]} 59. Kd4
{[%clk 0:07:59]} Kb5 {[%clk 0:01:34]} 60. Ng4 {[%clk 0:07:40]} c5+ {[%clk
0:01:15]} 61. Kc3 {[%clk 0:08:08]} c4 {[%clk 0:01:18]} 62. Ne5 {[%clk 0:06:21]}
Kc5 {[%clk 0:01:37]} 63. Kd2 {[%clk 0:05:43]} Na6 {[%clk 0:00:32]} 64. Bc2 {[%clk
0:05:30]} Nb4 {[%clk 0:00:36]} 65. Bxa4 {[%clk 0:03:23]} Kd4 {[%clk 0:01:05]} 66.
Nf3+ {[%clk 0:03:48]} Kxe4 {[%clk 0:01:29]} 67. Nxg5+ {[%clk 0:04:16]} Kd5 {[%clk
0:01:46]} 68. Bd7 {[%clk 0:03:41]} e5 {[%clk 0:01:42]} 69. Be6+ {[%clk 0:03:45]}
Kc5 {[%clk 0:00:56]} 70. Ne4+ {[%clk 0:03:14]} Kd4 {[%clk 0:01:13]} 71. Nc3
{[%clk 0:01:08]} Nd3 {[%clk 0:00:57]} 72. Ne2+ {[%clk 0:01:15]} Kc5 {[%clk
0:00:41]} 73. Kc3 {[%clk 0:01:06]} Nf2 {[%clk 0:00:34]} 74. Ng3 {[%clk 0:01:16]}
Nd1+ {[%clk 0:00:50]} 75. Kc2 {[%clk 0:01:41]} Nf2 {[%clk 0:01:06]} 76. Nf5
{[%clk 0:01:15]} e4 {[%clk 0:00:34]} 77. Ne3 {[%clk 0:01:24]} Kd4 {[%clk
0:00:46]} 78. Nxc4 {[%clk 0:00:33]} e3 {[%clk 0:01:15]} 79. Nxa5 {[%clk 0:00:33]}
e2 {[%clk 0:01:28]} 80. Kd2 {[%clk 0:00:56]} Nd3 {[%clk 0:01:32]} 81. Kxe2 {[%clk
0:00:46]} Nf4+ {[%clk 0:01:45]} 82. Kd2 {[%clk 0:01:01]} Nxe6 {[%clk 0:02:09]}
83. Kc2 {[%clk 0:01:12]} Nc7 {[%clk 0:02:18]} 84. Kb3 {[%clk 0:01:32]} Nd5 {[%clk
0:02:27]} 85. Nb7 {[%clk 0:01:50]} Kd3 {[%clk 0:02:29]} 86. Nc5+ {[%clk 0:01:43]}
Kd4 {[%clk 0:02:54]} 87. Na4 {[%clk 0:02:06]} Kd3 {[%clk 0:03:05]} 88. Nc5+
{[%clk 0:01:51]} Kd4 {[%clk 0:03:29]} 89. Na6 {[%clk 0:02:17]} Nb6 {[%clk
0:03:01]} 90. Nb4 {[%clk 0:01:40]} Nc4 {[%clk 0:03:17]} 91. Nc2+ {[%clk 0:01:53]}
Kc5 {[%clk 0:03:41]} 92. Kc3 {[%clk 0:02:19]} Nxb2 {[%clk 0:04:06]} 93. Kxb2
{[%clk 0:02:46]} 1/2-1/2

[Event "European Club Cup"]
[Site "chess24.com"]
[Date "2018.10.17"]
[Round "6"]
[White "Blomqvist, Erik"]
[Black "Svidler, Peter"]
[Result "0-1"]
[Board "1"]
[WhiteElo "2499"]
[WhiteTitle "GM"]
[WhiteCountry "SWE"]
[WhiteFideId "1709437"]
[WhiteEloChange "-2"]
[BlackElo "2756"]
[BlackTitle "GM"]
[BlackCountry "RUS"]
[BlackFideId "4102142"]
[BlackEloChange "2"]

1. e4 {[%clk 1:30:52]} c5 {[%clk 1:28:37]} 2. Nf3 {[%clk 1:31:12]} d6 {[%clk
1:29:04]} 3. Bb5+ {[%clk 1:31:22]} Nd7 {[%clk 1:29:25]} 4. a4 {[%clk 1:31:33]}
Nf6 {[%clk 1:18:26]} 5. Nc3 {[%clk 1:31:39]} a6 {[%clk 1:14:52]} 6. Bc4 {[%clk
1:31:30]} b6 {[%clk 1:14:51]} 7. O-O {[%clk 1:29:57]} Bb7 {[%clk 1:06:40]} 8. Re1
{[%clk 1:28:49]} g6 {[%clk 1:04:59]} 9. d4 {[%clk 1:28:36]} cxd4 {[%clk 1:04:33]}
10. Qxd4 {[%clk 1:28:21]} Bg7 {[%clk 0:58:32]} 11. Bd5 {[%clk 1:27:41]} Qc7
{[%clk 0:50:07]} 12. Bxb7 {[%clk 1:26:53]} Qxb7 {[%clk 0:50:34]} 13. Nd5 {[%clk
1:27:01]} Rc8 {[%clk 0:39:33]} 14. Re2 {[%clk 1:18:51]} h6 {[%clk 0:30:42]} 15.
h3 {[%clk 0:56:33]} Kf8 {[%clk 0:25:36]} 16. Nxf6 {[%clk 0:44:42]} Bxf6 {[%clk
0:25:51]} 17. Qd3 {[%clk 0:42:40]} Kg7 {[%clk 0:24:17]} 18. c3 {[%clk 0:40:50]}
Nc5 {[%clk 0:18:34]} 19. Qc2 {[%clk 0:38:16]} b5 {[%clk 0:18:51]} 20. axb5 {[%clk
0:37:33]} axb5 {[%clk 0:19:17]} 21. Be3 {[%clk 0:31:03]} b4 {[%clk 0:15:56]} 22.
Bd4 {[%clk 0:26:17]} Bxd4 {[%clk 0:13:44]} 23. cxd4 {[%clk 0:25:40]} b3 {[%clk
0:13:54]} 24. Qb1 {[%clk 0:23:21]} Ne6 {[%clk 0:14:10]} 25. Ra3 {[%clk 0:18:19]}
Ra8 {[%clk 0:10:09]} 26. Rxa8 {[%clk 0:18:09]} Rxa8 {[%clk 0:10:33]} 27. Re3
{[%clk 0:15:07]} Ra4 {[%clk 0:08:51]} 28. Qd3 {[%clk 0:13:58]} Qb4 {[%clk
0:08:23]} 29. Kh2 {[%clk 0:07:45]} Nxd4 {[%clk 0:07:49]} 30. Nd2 {[%clk 0:00:32]}
e5 {[%clk 0:02:44]} 31. Nxb3 {[%clk 0:00:50]} Nxb3 {[%clk 0:02:35]} 32. Qxb3
{[%clk 0:01:17]} Qxb3 {[%clk 0:02:58]} 33. Rxb3 {[%clk 0:01:44]} Rxe4 {[%clk
0:03:23]} 34. Rd3 {[%clk 0:01:23]} Re2 {[%clk 0:03:23]} 35. Kg3 {[%clk 0:01:49]}
Rxb2 {[%clk 0:02:50]} 36. Rxd6 {[%clk 0:00:31]} g5 {[%clk 0:01:56]} 37. Kf3
{[%clk 0:00:31]} e4+ {[%clk 0:02:23]} 38. Kxe4 {[%clk 0:00:32]} Rxf2 {[%clk
0:01:44]} 39. g4 {[%clk 0:30:57]} Rh2 {[%clk 0:32:10]} 40. Rd3 {[%clk 0:25:38]}
Kg6 {[%clk 0:29:33]} 41. Re3 {[%clk 0:20:45]} h5 {[%clk 0:24:18]} 42. Ra3 {[%clk
0:17:40]} Rf2 {[%clk 0:19:53]} 43. Rg3 {[%clk 0:17:40]} hxg4 {[%clk 0:19:53]} 44.
hxg4 {[%clk 0:18:04]} Rf4+ {[%clk 0:20:21]} 45. Ke3 {[%clk 0:17:46]} Kf6 {[%clk
0:20:22]} 46. Rg2 {[%clk 0:14:36]} Ke5 {[%clk 0:20:29]} 47. Rg1 {[%clk 0:14:37]}
f6 {[%clk 0:14:57]} 48. Ke2 {[%clk 0:13:05]} Kd4 {[%clk 0:14:40]} 49. Rg3 {[%clk
0:09:51]} Ke4 {[%clk 0:14:07]} 50. Re3+ {[%clk 0:10:16]} Kd5 {[%clk 0:14:34]} 51.
Rg3 {[%clk 0:10:32]} Ra4 {[%clk 0:14:02]} 52. Rf3 {[%clk 0:07:14]} Re4+ {[%clk
0:13:28]} 53. Kd3 {[%clk 0:06:55]} Rf4 {[%clk 0:13:48]} 54. Rg3 {[%clk 0:07:19]}
Ra4 {[%clk 0:14:13]} 55. Ke2 {[%clk 0:06:09]} Ke4 {[%clk 0:14:04]} 56. Re3+
{[%clk 0:04:34]} Kf4 {[%clk 0:14:18]} 57. Rf3+ {[%clk 0:04:57]} Kxg4 {[%clk
0:14:45]} 58. Rxf6 {[%clk 0:05:23]} Ra2+ {[%clk 0:15:04]} 59. Kf1 {[%clk
0:05:05]} Kg3 {[%clk 0:15:26]} 60. Rf8 {[%clk 0:03:04]} g4 {[%clk 0:15:44]} 61.
Rg8 {[%clk 0:03:02]} Ra1+ {[%clk 0:16:02]} 62. Ke2 {[%clk 0:03:28]} Rg1 {[%clk
0:16:23]} 63. Rh8 {[%clk 0:03:06]} Kg2 {[%clk 0:16:39]} 64. Rg8 {[%clk 0:02:32]}
g3 {[%clk 0:17:05]} 65. Rh8 {[%clk 0:02:42]} Ra1 {[%clk 0:17:28]} 66. Rh7 {[%clk
0:03:00]} Kg1 {[%clk 0:17:35]} 0-1

[Event "European Club Cup"]
[Site "chess24.com"]
[Date "2018.10.17"]
[Round "6"]
[White "Vitiugov, Nikita"]
[Black "Salomon, Johan"]
[Result "1-0"]
[Board "2"]
[WhiteElo "2709"]
[WhiteTitle "GM"]
[WhiteCountry "RUS"]
[WhiteFideId "4152956"]
[WhiteEloChange "2"]
[BlackElo "2477"]
[BlackTitle "GM"]
[BlackCountry "NOR"]
[BlackFideId "1509500"]
[BlackEloChange "-2"]

1. d4 {[%clk 1:28:45]} Nf6 {[%clk 1:30:54]} 2. c4 {[%clk 1:29:08]} e6 {[%clk
1:31:17]} 3. g3 {[%clk 1:29:25]} d5 {[%clk 1:31:29]} 4. Bg2 {[%clk 1:29:50]} Bb4+
{[%clk 1:31:35]} 5. Nd2 {[%clk 1:29:36]} O-O {[%clk 1:31:39]} 6. Nf3 {[%clk
1:29:58]} b6 {[%clk 1:31:52]} 7. O-O {[%clk 1:29:31]} a5 {[%clk 1:31:10]} 8. Ne5
{[%clk 1:24:22]} Bb7 {[%clk 1:30:31]} 9. Ndf3 {[%clk 1:21:46]} dxc4 {[%clk
1:25:46]} 10. Nxc4 {[%clk 1:19:47]} Nbd7 {[%clk 1:20:21]} 11. Bf4 {[%clk
1:18:50]} Qb8 {[%clk 1:06:12]} 12. Rc1 {[%clk 1:17:34]} Rc8 {[%clk 1:06:10]} 13.
Nce5 {[%clk 0:59:21]} Nxe5 {[%clk 1:06:13]} 14. Nxe5 {[%clk 0:59:21]} Bxg2 {[%clk
1:06:24]} 15. Kxg2 {[%clk 0:59:47]} Qb7+ {[%clk 1:06:16]} 16. Kg1 {[%clk
0:56:41]} Bf8 {[%clk 0:57:46]} 17. Nc6 {[%clk 0:52:44]} Nd5 {[%clk 0:51:27]} 18.
Qd3 {[%clk 0:45:19]} b5 {[%clk 0:47:34]} 19. Bd2 {[%clk 0:42:36]} Ra6 {[%clk
0:38:53]} 20. Nxa5 {[%clk 0:39:51]} Qa8 {[%clk 0:39:15]} 21. Nb3 {[%clk 0:39:50]}
Rxa2 {[%clk 0:39:37]} 22. Ra1 {[%clk 0:40:05]} Rxa1 {[%clk 0:37:00]} 23. Rxa1
{[%clk 0:40:31]} Qb7 {[%clk 0:37:22]} 24. Rc1 {[%clk 0:36:35]} c6 {[%clk
0:32:26]} 25. h4 {[%clk 0:32:28]} h6 {[%clk 0:29:30]} 26. Qc2 {[%clk 0:30:44]}
Qd7 {[%clk 0:27:32]} 27. Nc5 {[%clk 0:21:28]} Qa7 {[%clk 0:26:15]} 28. Kg2 {[%clk
0:18:18]} Nf6 {[%clk 0:24:54]} 29. f3 {[%clk 0:16:33]} Nd7 {[%clk 0:19:54]} 30.
Nb3 {[%clk 0:14:50]} Nb6 {[%clk 0:19:04]} 31. Ra1 {[%clk 0:14:03]} Qd7 {[%clk
0:17:40]} 32. Be1 {[%clk 0:13:51]} Na4 {[%clk 0:12:04]} 33. Bf2 {[%clk 0:13:55]}
h5 {[%clk 0:08:50]} 34. Rc1 {[%clk 0:11:57]} Qd8 {[%clk 0:07:14]} 35. Nd2 {[%clk
0:10:57]} Nb6 {[%clk 0:07:08]} 36. Ne4 {[%clk 0:10:43]} Be7 {[%clk 0:06:33]} 37.
Nc5 {[%clk 0:08:58]} Nd7 {[%clk 0:03:53]} 38. Nd3 {[%clk 0:09:06]} Bd6 {[%clk
0:04:06]} 39. e4 {[%clk 0:07:47]} Bf8 {[%clk 0:02:32]} 40. Qc3 {[%clk 0:31:54]}
Be7 {[%clk 0:30:51]} 41. Nf4 {[%clk 0:28:10]} g6 {[%clk 0:28:51]} 42. Nd3 {[%clk
0:27:37]} Qf8 {[%clk 0:25:24]} 43. Qa5 {[%clk 0:26:41]} Qe8 {[%clk 0:21:31]} 44.
Qa6 {[%clk 0:22:40]} Nb8 {[%clk 0:21:48]} 45. Qa7 {[%clk 0:21:51]} Qd7 {[%clk
0:20:26]} 46. Ra1 {[%clk 0:20:23]} Qe8 {[%clk 0:15:05]} 47. Qb7 {[%clk 0:19:34]}
Bd6 {[%clk 0:12:27]} 48. Ra8 {[%clk 0:17:05]} Rd8 {[%clk 0:12:31]} 49. Be3 {[%clk
0:12:10]} Qe7 {[%clk 0:10:37]} 50. Qxe7 {[%clk 0:10:14]} Bxe7 {[%clk 0:11:06]}
51. Ne5 {[%clk 0:09:48]} Kg7 {[%clk 0:08:55]} 52. Bh6+ {[%clk 0:09:23]} Kg8
{[%clk 0:09:21]} 53. Bf4 {[%clk 0:06:59]} Kg7 {[%clk 0:08:27]} 54. Bh6+ {[%clk
0:05:32]} Kg8 {[%clk 0:08:55]} 55. Ra7 {[%clk 0:05:57]} Re8 {[%clk 0:08:17]} 56.
Rb7 {[%clk 0:04:10]} 1-0

[Event "European Club Cup"]
[Site "chess24.com"]
[Date "2018.10.17"]
[Round "6"]
[White "Koch, Thomas"]
[Black "Swinkels, Robin"]
[Result "1-0"]
[Board "3"]
[WhiteElo "2467"]
[WhiteTitle "IM"]
[WhiteCountry "GER"]
[WhiteFideId "4600533"]
[WhiteEloChange "5"]
[BlackElo "2486"]
[BlackTitle "GM"]
[BlackCountry "NED"]
[BlackFideId "1010824"]
[BlackEloChange "-5"]

1. d4 {[%clk 1:30:58]} d5 {[%clk 1:30:54]} 2. c4 {[%clk 1:31:13]} c6 {[%clk
1:31:23]} 3. Nc3 {[%clk 1:31:34]} Nf6 {[%clk 1:31:48]} 4. Nf3 {[%clk 1:30:55]} e6
{[%clk 1:32:03]} 5. e3 {[%clk 1:30:01]} Nbd7 {[%clk 1:32:29]} 6. Qc2 {[%clk
1:29:48]} Bd6 {[%clk 1:32:31]} 7. b3 {[%clk 1:29:59]} O-O {[%clk 1:32:25]} 8. Be2
{[%clk 1:30:19]} b6 {[%clk 1:32:35]} 9. O-O {[%clk 1:30:30]} Bb7 {[%clk 1:33:02]}
10. Bb2 {[%clk 1:30:25]} Qe7 {[%clk 1:33:18]} 11. Rad1 {[%clk 1:29:56]} Rad8
{[%clk 1:33:36]} 12. Rfe1 {[%clk 1:29:33]} Rfe8 {[%clk 1:33:57]} 13. h3 {[%clk
1:28:48]} a6 {[%clk 1:33:49]} 14. e4 {[%clk 1:28:07]} Nxe4 {[%clk 1:34:00]} 15.
Nxe4 {[%clk 1:28:30]} dxe4 {[%clk 1:34:25]} 16. Qxe4 {[%clk 1:28:48]} Bb4 {[%clk
1:34:40]} 17. Rf1 {[%clk 1:28:40]} Bd6 {[%clk 1:35:06]} 18. Bd3 {[%clk 1:25:15]}
f5 {[%clk 1:32:05]} 19. Qe3 {[%clk 0:52:36]} c5 {[%clk 1:30:25]} 20. dxc5 {[%clk
0:40:08]} Nxc5 {[%clk 1:18:26]} 21. Bc2 {[%clk 0:29:43]} f4 {[%clk 1:02:30]} 22.
Qc3 {[%clk 0:29:24]} e5 {[%clk 1:02:34]} 23. b4 {[%clk 0:28:07]} Nd7 {[%clk
0:57:43]} 24. a3 {[%clk 0:20:54]} e4 {[%clk 0:43:42]} 25. Rfe1 {[%clk 0:20:22]}
Ne5 {[%clk 0:20:35]} 26. Bxe4 {[%clk 0:17:25]} Bxe4 {[%clk 0:20:59]} 27. Rxe4
{[%clk 0:17:50]} Nxf3+ {[%clk 0:21:23]} 28. gxf3 {[%clk 0:18:06]} Qg5+ {[%clk
0:21:14]} 29. Kf1 {[%clk 0:17:38]} Bf8 {[%clk 0:20:37]} 30. Rde1 {[%clk 0:15:32]}
Rxe4 {[%clk 0:20:10]} 31. fxe4 {[%clk 0:15:44]} Qh5 {[%clk 0:13:35]} 32. Kg2
{[%clk 0:12:04]} Rd6 {[%clk 0:13:33]} 33. Kh2 {[%clk 0:11:58]} Rg6 {[%clk
0:12:53]} 34. Rg1 {[%clk 0:11:26]} Qe2 {[%clk 0:12:20]} 35. Rxg6 {[%clk 0:11:21]}
hxg6 {[%clk 0:12:46]} 36. Qd4 {[%clk 0:11:29]} Kh7 {[%clk 0:05:40]} 37. e5 {[%clk
0:10:35]} g5 {[%clk 0:03:55]} 38. Bc3 {[%clk 0:10:29]} Be7 {[%clk 0:01:34]} 39.
Kg1 {[%clk 0:06:04]} Qf3 {[%clk 0:01:06]} 40. Kh2 {[%clk 0:34:01]} Qe2 {[%clk
0:30:32]} 41. Kg2 {[%clk 0:32:29]} Kh8 {[%clk 0:30:06]} 42. Qd7 {[%clk 0:20:03]}
f3+ {[%clk 0:19:42]} 43. Kg3 {[%clk 0:20:14]} Qxc4 {[%clk 0:19:40]} 44. Qe8+
{[%clk 0:19:17]} Kh7 {[%clk 0:20:00]} 45. Qh5+ {[%clk 0:19:38]} Kg8 {[%clk
0:20:29]} 46. Qxf3 {[%clk 0:20:00]} a5 {[%clk 0:16:00]} 47. bxa5 {[%clk 0:19:15]}
bxa5 {[%clk 0:16:28]} 48. Bxa5 {[%clk 0:16:15]} Qc5 {[%clk 0:14:32]} 49. Qc3
{[%clk 0:15:53]} Qd5 {[%clk 0:12:34]} 50. Bb4 {[%clk 0:15:47]} Bxb4 {[%clk
0:11:15]} 51. axb4 {[%clk 0:16:06]} Qe4 {[%clk 0:11:43]} 52. b5 {[%clk 0:10:38]}
Qf4+ {[%clk 0:08:46]} 53. Kg2 {[%clk 0:11:01]} Qe4+ {[%clk 0:09:15]} 54. Kh2
{[%clk 0:10:25]} g4 {[%clk 0:09:27]} 55. b6 {[%clk 0:08:42]} gxh3 {[%clk
0:09:18]} 56. Qb3+ {[%clk 0:06:02]} Kf8 {[%clk 0:09:30]} 57. Kxh3 {[%clk
0:05:41]} Qh1+ {[%clk 0:08:22]} 58. Kg3 {[%clk 0:05:36]} Qg1+ {[%clk 0:08:51]}
59. Kf3 {[%clk 0:05:51]} Qh1+ {[%clk 0:09:20]} 60. Ke2 {[%clk 0:06:10]} Qe4+
{[%clk 0:09:39]} 61. Qe3 {[%clk 0:06:26]} Qc4+ {[%clk 0:08:45]} 62. Qd3 {[%clk
0:06:14]} Qa2+ {[%clk 0:08:34]} 63. Ke3 {[%clk 0:06:32]} Qb2 {[%clk 0:08:13]} 64.
Qd8+ {[%clk 0:05:32]} Kf7 {[%clk 0:08:42]} 65. Qd5+ {[%clk 0:05:51]} Kg6 {[%clk
0:08:22]} 66. b7 {[%clk 0:03:48]} Kh7 {[%clk 0:08:32]} 67. e6 {[%clk 0:03:19]}
Qc1+ {[%clk 0:08:14]} 68. Ke2 {[%clk 0:03:34]} Qc2+ {[%clk 0:08:10]} 69. Kf3
{[%clk 0:03:14]} Qc3+ {[%clk 0:07:46]} 70. Kg2 {[%clk 0:03:37]} Qb4 {[%clk
0:08:14]} 71. Kh3 {[%clk 0:02:02]} g5 {[%clk 0:08:18]} 72. Qf5+ {[%clk 0:01:55]}
Kh6 {[%clk 0:08:33]} 73. Qf3 {[%clk 0:01:32]} g4+ {[%clk 0:08:51]} 74. Qxg4
{[%clk 0:01:56]} Qb3+ {[%clk 0:08:09]} 75. Kh4 {[%clk 0:02:14]} Qb2 {[%clk
0:07:51]} 76. Qf4+ {[%clk 0:02:36]} Kg6 {[%clk 0:08:16]} 77. b8Q {[%clk 0:03:01]}
Qh8+ {[%clk 0:08:43]} 78. Kg3 {[%clk 0:03:10]} 1-0